000
00303nam a22001337a 4500
020
_a
0495438571
082
_a
620.106
100
_a
POTTER, MERLE C
245
_a
MECHANICS OF FLUIDS
260
_a
Australia:
_b
Cengage Learning;
_c
2010.
300
_a
861p. ;
_b
24 cm.
500
_a
Paperback.
942
_c
BK
999
_c
32509
_d
32509